TB. OF PSYCHIATRIC NURSING (Record no. 10960)
[ view plain ]
| 000 -LEADER | |
|---|---|
| fixed length control field | 00296nam a22001337a 4500 |
| 003 - CONTROL NUMBER IDENTIFIER | |
| control field | SGT |
| 082 ## - DEWEY DECIMAL CLASSIFICATION NUMBER | |
| Classification number | 610.7368 |
| Item number | P16K |
| 100 ## - MAIN ENTRY--PERSONAL NAME | |
| Personal name | KONNUR, RAJESH G. |
| 245 ## - TITLE STATEMENT | |
| Title | TB. OF PSYCHIATRIC NURSING |
| 260 ## - PUBLICATION, DISTRIBUTION, ETC. (IMPRINT) | |
| Place of publication, distribution, etc | INDIA |
| Name of publisher, distributor, etc | JAYPEE |
| Year of Publication | 2016 |
| 300 ## - PAGE DESCRIPTION | |
| No. of Pages | 574 |
| 650 ## - SUBJECT ADDED ENTRY--TOPICAL TERM | |
| Topical term or geographic name as entry element | PSYCHIATRIC |
| 942 ## - ADDED ENTRY ELEMENTS (KOHA) | |
| Source of classification or shelving scheme | Dewey Decimal Classification |
| Koha item type | Books |
| 942 ## - ADDED ENTRY ELEMENTS (KOHA) | |
| -- | 39 |
| Withdrawn status | Lost status | Source of classification or shelving scheme | Damaged status | Not for loan | Collection code | Home library | Current library | Shelving location | Date acquired | Vendor Name | Cost, normal purchase price | SGTU | Bill Number | Total Checkouts | Total Renewals | Full call number | Accession No. (Barcode) | Date last seen | Date last borrowed | Bill Date | Koha item type |
|---|---|---|---|---|---|---|---|---|---|---|---|---|---|---|---|---|---|---|---|---|---|
| Dewey Decimal Classification | NURSING | SGT Medical Library | SGT Medical Library | Text Book | 16/02/2017 | ABC | 725.00 | SGTU | 7429 | 31 | 1 | 610.7368 P16K | FN3451 | 24/12/2025 | 15/12/2025 | 04/11/2016 | Books | ||||
| Dewey Decimal Classification | NURSING | SGT Medical Library | SGT Medical Library | Text Book | 16/02/2017 | ABC | 725.00 | SGTU | 7429 | 14 | 610.7368 P16K | FN3452 | 29/08/2025 | 14/08/2025 | 04/11/2016 | Books | |||||
| Dewey Decimal Classification | NURSING | SGT Medical Library | SGT Medical Library | Text Book | 16/02/2017 | ABC | 725.00 | SGTU | 7429 | 18 | 610.7368 P16K | FN3453 | 07/01/2026 | 24/12/2025 | 04/11/2016 | Books | |||||
| Dewey Decimal Classification | NURSING | SGT Medical Library | SGT Medical Library | Text Book | 16/02/2017 | ABC | 725.00 | SGTU | 7429 | 21 | 610.7368 P16K | FN3454 | 08/12/2025 | 20/11/2025 | 04/11/2016 | Books | |||||
| Dewey Decimal Classification | NURSING | SGT Medical Library | SGT Medical Library | Text Book | 16/02/2017 | ABC | 725.00 | SGTU | 7429 | 15 | 610.7368 P16K | FN3455 | 26/09/2024 | 27/07/2024 | 04/11/2016 | Books |